000 00601nam a2200157 a 4500
001 000028868
005 20200930055204.0
008 110412s1982 dr 000 0 spa d
040 _aDO-SdBNP
_bspa
_cBNPHU
082 _axxxx
_bP116d
100 1 _aPacheco, Juan Rafael
_936879
245 1 0 _aDiscurso pronunciado por el Dr. Juan Rafael Pacheco hijo, presidente del IDEI, con motivo del décimo aniversario de la institución /
_cJuan Rafael Pacheco hijo.
260 _aSanto Domingo :
_bInstituto Dominicano de Educación Integral (IDEI) :
_bAPEC,
_c1982.
300 _a[16 p.] ;
_c22 cm.
049 _aBNPD
999 _c28360
_d28360